01840cam a22004214i 4500003000900000005001700009008004100026035001900067040003300086082002100119100004800140245016400188264006800352300002800420336002100448337002500469338002300494505018200517526001000699526001000709526001000719526001000729526000800739526000800747526000800755526000800763526000800771526000800779526000800787650006000795650004700855942001400902949013200916596000601048999015301054980005501207952015601262PE-LiUPU20250731172932.0150623s r 000 0 d a(Sirsi) a20445 aPE-LiUPUbspacPE-LiUPUerda04a286.732bR712211 aRobinson, Dores Eugene,d1879-1957,eautor.14aThe story of our health message :bthe origin, character, and development of health education in the Seventh-day Adventist church /cpor Dores Eugene Robinson. 1aNashville, Tennessee :bSouthern Publishing Association,c1965. a445 páginas ;c18 cm. atext2rdacontent aunmediated2rdamedia avolume2rdacarrier0 aThe tiemes of this ignorance. -Movements toward therapeutic reform. -Temperance and diet reforms. -Joseph Bates, a health reformer. -Health reforms among seventh-day adventists. aSEG42 aSEG41 aSEG40 aSEG39 aP94 aP87 aP86 aP85 aP77 aP76 aP3504aAdventistas del séptimo díaxEDUCACION de la salud.04aMedicinaxAdventistas del séptimo día. 2ddccBOOK a286.732 R71wDEWEYc1i43931lCCODEBUL1mBULp00.00r0sYtBOOKu2015-06-24xTEOLOGIAPP350COMPRAo.STAFF. Colección General a1 a286.732 R71wDEWEYc20801i43931d20801f2021-11-11g6lCCODEBUL1mBULq1r0sYtBOOKu2015-6-24xTEOLOGIAPP350COMPRAo.STAFF. Colección General 81gALBERTO SANCHEZ Responsable de Automatización r2025-12-02 00:00:00i7l0o286.732 R71p43931te1w2015-06-24xFTyBKzinventario-2023-12-13102ddc50708GENfP35aBULbBULcGENd2015-06-24eCOMPRA